| 000 | 005170000a22001690004500 | ||
|---|---|---|---|
| 020 | _a1-55883-110-X | ||
| 041 | 0 | _aSPA | |
| 082 | 0 | 4 | _aG 254.1 L8311c |
| 100 | 1 | _aLogan, Robert E. | |
| 245 | 1 | 0 | _aCaja de herramientas : Para el fundador de iglesias / Robert E. Logan, Steven L. Ogne; Raúl Alberto Hernández, Traductor |
| 260 | _aGrand Rapids, MI., USA : Desafío | ||
| 001 | 6608 | ||
| 942 | _cBK | ||
| 999 |
_c36876 _d36876 |
||
| 336 |
_atexto _btxt _2rdacontent |
||
| 337 |
_2rdamedia _asin mediación _bn |
||
| 338 |
_2rdacarrier _avolumen _bnc |
||